Video Game Protagonists - Nintendo - Statistics

General Stats
  • This quiz has been taken 71 times
  • The average score is 16 of 22
Answer Stats
Game Protagonist % Correct
Super Mario Bros Mario
100%
The Legend of Zelda Link
98%
Luigi's Mansion Luigi
97%
Yoshi Yoshi
97%
Donkey Kong Country Donkey Kong
95%
Kirby Kirby
94%
Metroid Samus Aran
94%
Bayonetta Bayonetta
90%
Star Fox Fox
87%
Punch Out Little Mac
81%
Earthbound Ness
81%
Pikmin Olimar
79%
Kid Icarus Pit
79%
F Zero Captain Falcon
78%
Chibi-Robo Chibi-Robo
70%
Pokemon Red/Blue/Yellow Red
68%
Xenoblade Chronicles Shulk
63%
Fire Emblem Three Houses Byleth
43%
Fire Emblem Awakening Robin
43%
Pokemon Diamond/Pearl/Platinum Lucas/Dawn
41%
Pokemon Ruby/Sapphire/Emerald Brendan/May
37%
Pokemon Gold/Silver/Crystal Ethan
22%
No matching quizzes found
Score Distribution
Percent of People with Each Score
Percentile by Number Answered
Your Score History
You have not taken this quiz